Central Library OPAC University of Rajshahi

The process of stratification : (Record no. 34695)

MARC details
000 -LEADER
fixed length control field 00917nam a2200277 a 4500
001 - CONTROL NUMBER
control field 34695
003 - CONTROL NUMBER IDENTIFIER
rucl marc code BD-RjUL
005 - DATE AND TIME OF LATEST TRANSACTION
control field 20211209052210.0
008 - FIXED-LENGTH DATA ELEMENTS--GENERAL INFORMATION
fixed length control field 140518s1977 nyu b 000 0 eng
020 ## - INTERNATIONAL STANDARD BOOK NUMBER
International Standard Book Number 0123330505
035 ## - SYSTEM CONTROL NUMBER
System control number (BD-RjUL)34789
040 ## - CATALOGING SOURCE
Original cataloging agency LC
Language of cataloging eng
Transcribing agency LC
Modifying agency NSL:R
-- BD-RjUL
041 ## - LANGUAGE CODE
Language code of text/sound track or separate title eng
082 04 - DEWEY DECIMAL CLASSIFICATION NUMBER
Classification number 305.440440973
Author mark and year HAP 1977
100 1# - MAIN ENTRY--PERSONAL NAME
Personal name Hauser, Robert Mason.
9 (RLIN) 105565
245 14 - TITLE STATEMENT
Title The process of stratification :
Remainder of title trends and analyses /
Statement of responsibility, etc. Robert M. Hauser, David L. Featherman.
260 ## - PUBLICATION, DISTRIBUTION, ETC. (IMPRINT)
Place of publication, distribution, etc. New York :
Name of publisher, distributor, etc. Academic Press,
Date of publication, distribution, etc. c1977.
300 ## - PHYSICAL DESCRIPTION
Pagination xxviii, 372 p. ;
Size 24 cm.
504 ## - BIBLIOGRAPHY, ETC. NOTE
Bibliography, etc Bibliography: p. 349-361.and index.
650 #0 - SUBJECT ADDED ENTRY--TOPICAL TERM
Topical term or geographic name as entry element Social mobility
Geographic subdivision United States.
9 (RLIN) 105567
Topical term or geographic name as entry element Occupational mobility
Geographic subdivision United States.
9 (RLIN) 105568
700 1# - ADDED ENTRY--PERSONAL NAME
Personal name Featherman, David L,
Relator term joint author.
942 ## - ADDED ENTRY ELEMENTS (KOHA)
Source of classification or shelving scheme Dewey Decimal Classification
Koha item type Books
Holdings
Lost status Source of classification or shelving scheme Damaged status Not for loan Collection code Permanent Location Current Location Shelving location Date acquired Source of acquisition Cost, normal purchase price Total Checkouts Full call number Date last seen Copy number Koha item type
  Dewey Decimal Classification   Not For Loan Non-fiction Central Library, University of Rajshahi Central Library, University of Rajshahi Reading Room 12/05/1983 Heffers. 24.20   305.440440973 HAP 1977 18/05/2014 C-1 Books